Komentár k úplnému zneniu zákona o dani z príjmov
Jednotlivé paragrafy v zákone o dani z príjmov (Zákon č.595/2003 Z.z.), sú bližšie popísané, okomentované odborníkmi.
Guardado en:
| Autor principal: | |
|---|---|
| Otros Autores: | , , , |
| Formato: | Capítulo de libro |
| Lenguaje: | eslovaco |
| Materias: | |
| Etiquetas: |
Sin Etiquetas, Sea el primero en etiquetar este registro!
|
MARC
| LEADER | 00000naa a2200000 4500 | ||
|---|---|---|---|
| 001 | 0274005 | ||
| 005 | 20210527110806.0 | ||
| 041 | 0 | |a slo | |
| 044 | |a SK | ||
| 245 | 1 | 0 | |a Komentár k úplnému zneniu zákona o dani z príjmov |c Zdenka Kováčová, Svetlana Faiglová, Dagmar Piršelová, Anna Fischerová, Mária Murínová |
| 520 | |a Jednotlivé paragrafy v zákone o dani z príjmov (Zákon č.595/2003 Z.z.), sú bližšie popísané, okomentované odborníkmi. | ||
| 610 | 2 | 0 | |a zákony |
| 610 | 2 | 0 | |a dane z príjmov |
| 610 | 2 | 0 | |a komentáre |
| 100 | 1 | |a Kováčová, Zdenka | |
| 700 | 1 | |a Faiglová, Svetlana | |
| 700 | 1 | |a Piršelová, Dagmar | |
| 700 | 1 | |a Fischerová, Anna | |
| 700 | 1 | |a Murínová, Mária | |